[Event "Paleochora op 7th"]
[Site "Paleochora"]
[Date "2014.07.28"]
[Round "9"]
[White "Tchantcev, Chaliko"]
[Black "Petrov, Marian"]
[Result "0-1"]
[WhiteElo "2216"]
[BlackElo "2438"]
[PlyCount "80"]
[EventDate "2014.07.21"]
[EventType "swiss"]
[EventRounds "9"]
[EventCountry "GRE"]
[SourceTitle "CBM 161 Extra"]
[Source "ChessBase"]
[SourceDate "2014.08.29"]
[SourceVersion "1"]
[SourceVersionDate "2014.08.29"]
[SourceQuality "1"]

1. Nf3 g6 2. d4 Bg7 3. c4 c5 4. d5 d6 5. Nc3 e6 6. e4 exd5 7. exd5 Ne7 8. h3 0-0 9. Be2 h6 10. 0-0 a6 11. Re1 g5 12. a4 Ng6 13. Ne4 f5 14. Ng3 g4 15. hxg4 fxg4 16. Nh2 Bd4 17. Rf1 Qh4 18. Ra3 h5 19. Ne4 Qe7 20. Ng3 Qe5 21. Nxh5 Qxh5 22. Bxg4 Qh7 23. Bxc8 Rxc8 24. Rh3 Qf7 25. Ng4 Bg7 26. Bh6 Nd7 27. Rf3 Qe7 28. Re1 Nde5 29. Nxe5 Bxe5 30. Qb1 Qh7 31. Qf5 Qxh6 32. Qe6+ Kg7 33. Rxe5 Nxe5 34. Rg3+ Ng6 35. Qd7+ Kh8 36. Qxd6 Qc1+ 37. Kh2 Qf4 38. Qxg6 Rc7 39. Kg1 Qc1+ 40. Kh2 Rh7+ 0-1

[Event "Paleochora op 7th"]
[Site "Paleochora"]
[Date "2014.07.26"]
[Round "7"]
[White "Tchantcev, Chaliko"]
[Black "Zubarev, Alexander2222"]
[Result "0-1"]
[WhiteElo "2216"]
[BlackElo "2583"]
[PlyCount "74"]
[EventDate "2014.07.21"]
[EventType "swiss"]
[EventRounds "9"]
[EventCountry "GRE"]
[SourceTitle "CBM 161 Extra"]
[Source "ChessBase"]
[SourceDate "2014.08.29"]
[SourceVersion "1"]
[SourceVersionDate "2014.08.29"]
[SourceQuality "1"]

1. d4 Nf6 2. Nf3 g6 3. g3 c5 4. d5 b5 5. c4 bxc4 6. Bg2 d6 7. 0-0 Nbd7 8. Nfd2 Nb6 9. Nxc4 Nxc4 10. Qa4+ Nd7 11. Qxc4 Bg7 12. Nc3 Rb8 13. Nd1 0-0 14. Qc2 Ba6 15. Re1 Ne5 16. Bd2 Nc4 17. Bc3 Bxc3 18. Qxc3 Qb6 19. b3 Na3 20. e3 c4 21. Nb2 cxb3 22. axb3 Rfc8 23. Nc4 Bxc4 24. Rxa3 Bxd5 25. Qa5 Bxg2 26. Qxb6 axb6 27. Kxg2 Ra8 28. Ra4 b5 29. Rb4 Rc5 30. Re2 Kg7 31. h4 Kf6 32. e4 e5 33. Rd2 Ke6 34. f4 f6 35. Rd5 Ra2+ 36. Kh3 Rcc2 37. fxe5 h5 0-1

[Event "Rethymno op 6th"]
[Site "Rethymno"]
[Date "2014.07.19"]
[Round "9"]
[White "Tchantcev, Chaliko"]
[Black "Skembris, Spyridon"]
[Result "0-1"]
[WhiteElo "2216"]
[BlackElo "2473"]
[PlyCount "54"]
[EventDate "2014.07.12"]
[EventType "swiss"]
[EventRounds "9"]
[EventCountry "GRE"]
[SourceTitle "CBM 161 Extra"]
[Source "ChessBase"]
[SourceDate "2014.08.29"]
[SourceVersion "1"]
[SourceVersionDate "2014.08.29"]
[SourceQuality "1"]

1. e4 c5 2. Nf3 Nc6 3. Nc3 g6 4. d4 cxd4 5. Nxd4 Bg7 6. Be3 Nf6 7. Nb3 0-0 8. Be2 d6 9. 0-0 a5 10. a4 Be6 11. f4 Rc8 12. Ra3 Nb4 13. Bf3 Bc4 14. Rf2 Nd7 15. Rd2 Bxb3 16. Rxb3 Nc5 17. Bxc5 Rxc5 18. Nd5 b5 19. axb5 Nxd5 20. Rxd5 a4 21. Rb4 Qa5 22. c3 a3 23. Qa1 Qb6 24. Kh1 axb2 25. Qa6 Bxc3 26. Rb3 Bd4 27. Rxd4 Rc1+ 0-1

[Event "Kavala op 20th"]
[Site "Kavala"]
[Date "2011.08.05"]
[Round "8"]
[White "Kanmazalp, Ogulcan"]
[Black "Tchantcev, Chaliko"]
[Result "1/2-1/2"]
[WhiteElo "2412"]
[BlackElo "2283"]
[PlyCount "65"]
[EventDate "2011.07.30"]
[EventType "swiss"]
[EventRounds "9"]
[EventCountry "GRE"]
[SourceTitle "CBM 143 Extra"]
[Source "ChessBase"]
[SourceDate "2011.08.29"]
[SourceVersion "1"]
[SourceVersionDate "2011.08.29"]
[SourceQuality "1"]

1. e4 Nc6 2. Nf3 d5 3. exd5 Qxd5 4. Nc3 Qa5 5. Bb5 Bd7 6. a3 0-0-0 7. 0-0 Nf6 8. d4 Bg4 9. Bxc6 bxc6 10. h3 Bxf3 11. Qxf3 Rxd4 12. Qxc6 Qb6 13. Qa8+ Qb8 14. Qf3 Qb7 15. Qe2 e6 16. Be3 Rd7 17. Rad1 Rxd1 18. Rxd1 Be7 19. Qc4 a6 20. b4 Rd8 21. Rb1 Nd5 22. Nxd5 Rxd5 23. Qb3 Rd7 24. c4 Qe4 25. Rc1 Rd3 26. Rc3 Rxc3 27. Qxc3 Bf6 28. Qb3 Bd4 29. Bxd4 Qxd4 30. a4 h5 31. Qf3 Qxc4 32. Qxf7 h4 33. Qxg7 1/2-1/2

[Event "Kavala op 19th"]
[Site "Kavala"]
[Date "2010.08.07"]
[Round "9"]
[White "Grigorov, Grigor"]
[Black "Tchantcev, Chaliko"]
[Result "1/2-1/2"]
[WhiteElo "2503"]
[BlackElo "2284"]
[PlyCount "54"]
[EventDate "2010.07.30"]
[EventType "swiss"]
[EventRounds "9"]
[EventCountry "GRE"]
[SourceTitle "CBM 137 Extra"]
[Source "ChessBase"]
[SourceDate "2010.09.01"]
[SourceVersion "1"]
[SourceVersionDate "2010.09.01"]
[SourceQuality "1"]

1. d4 Nf6 2. c4 c5 3. d5 b5 4. cxb5 a6 5. bxa6 g6 6. Nc3 Bxa6 7. g3 d6 8. Bg2 Bg7 9. Nf3 Nbd7 10. Rb1 Qa5 11. Bd2 0-0 12. 0-0 Rfb8 13. Qc2 Ng4 14. a4 Nge5 15. b3 Nxf3+ 16. Bxf3 Ne5 17. Bg2 Qb4 18. Ne4 Qa3 19. Bc1 Qb4 20. Bd2 Qa3 21. Bc1 Qb4 22. Bd2 Qa3 23. Bc3 Nd7 24. Bxg7 Kxg7 25. h4 Qb4 26. Rfd1 Ra7 27. Qb2+ Kg8 1/2-1/2

[Event "Kavala op 19th"]
[Site "Kavala"]
[Date "2010.07.30"]
[Round "1"]
[White "Borovikov, Vladislav"]
[Black "Tchantcev, Chaliko"]
[Result "1-0"]
[WhiteElo "2601"]
[BlackElo "2284"]
[PlyCount "67"]
[EventDate "2010.07.30"]
[EventType "swiss"]
[EventRounds "9"]
[EventCountry "GRE"]
[SourceTitle "CBM 137 Extra"]
[Source "ChessBase"]
[SourceDate "2010.09.01"]
[SourceVersion "1"]
[SourceVersionDate "2010.09.01"]
[SourceQuality "1"]

1. d4 Nf6 2. Nf3 g6 3. c4 Bg7 4. g3 0-0 5. Bg2 c6 6. 0-0 d5 7. Qb3 dxc4 8. Qxc4 Be6 9. Qa4 Nbd7 10. Nc3 b5 11. Qc2 b4 12. Na4 Bd5 13. Bf4 Qa5 14. Ne5 Bxg2 15. Kxg2 Nxe5 16. Bxe5 Qd5+ 17. f3 Ng4 18. Bf4 e5 19. dxe5 Nxe5 20. b3 Rfe8 21. Rad1 Qb5 22. Nc5 f5 23. e4 Nf7 24. Be3 Bc3 25. a4 Qa5 26. Bf2 Re5 27. exf5 Rxf5 28. Ne4 Re8 29. Nxc3 bxc3 30. Rd3 Ne5 31. Rxc3 Nxf3 32. Rc5 Rxc5 33. Qxc5 Ne5 34. Qxa5 1-0

[Event "Paleochora op 3rd"]
[Site "Paleochora"]
[Date "2010.07.24"]
[Round "4"]
[White "Tchantcev, Chaliko"]
[Black "Polzin, Rainer"]
[Result "1/2-1/2"]
[WhiteElo "2284"]
[BlackElo "2494"]
[PlyCount "81"]
[EventDate "2010.07.22"]
[EventType "swiss"]
[EventRounds "9"]
[EventCountry "GRE"]
[SourceTitle "CBM 137 Extra"]
[Source "ChessBase"]
[SourceDate "2010.09.01"]
[SourceVersion "1"]
[SourceVersionDate "2010.09.01"]
[SourceQuality "1"]

1. d4 Nf6 2. Nf3 d6 3. c4 g6 4. Nc3 Bg7 5. e4 0-0 6. Be2 e5 7. 0-0 Nc6 8. d5 Ne7 9. Ne1 Nd7 10. f3 f5 11. g4 Kh8 12. h4 Ng8 13. Ng2 f4 14. Bd2 Bf6 15. Be1 Be7 16. Bf2 Nh6 17. Kh2 Nf7 18. Rh1 Kg7 19. Kg1 h5 20. g5 a5 21. Ne1 Nc5 22. Nd3 b6 23. b3 Bd7 24. Rb1 Rh8 25. Kf1 c6 26. a3 Nxd3 27. Bxd3 c5 28. Ke2 Qc7 29. Qc2 Rhb8 30. Rb2 Qc8 31. Kd2 Be8 32. Qd1 Nd8 33. Qe2 Nb7 34. Rhb1 Bd8 35. Qf1 Bd7 36. Qd1 Be8 37. Qh1 Bd7 38. Bf1 Kh7 39. Rc1 Kg7 40. Nb5 Be7 41. Nc3 1/2-1/2

[Event "Rethymno op 2nd"]
[Site "Rethymno"]
[Date "2010.07.15"]
[Round "4"]
[White "Tchantcev, Chaliko"]
[Black "Manolaraki, Yvonni"]
[Result "1-0"]
[WhiteElo "2284"]
[BlackElo "2042"]
[PlyCount "129"]
[EventDate "2010.07.13"]
[EventType "swiss"]
[EventRounds "9"]
[EventCountry "GRE"]
[SourceTitle "CBM 137 Extra"]
[Source "ChessBase"]
[SourceDate "2010.09.01"]
[SourceVersion "1"]
[SourceVersionDate "2010.09.01"]
[SourceQuality "1"]

1. d4 Nf6 2. Nf3 d5 3. c4 dxc4 4. Nc3 e6 5. e4 c6 6. Bxc4 Nbd7 7. 0-0 Bb4 8. e5 Nd5 9. Ne4 N7b6 10. Bd3 h6 11. Bb1 Qc7 12. Bd2 Be7 13. Qe2 Bd7 14. Rc1 f5 15. exf6 gxf6 16. Nc5 0-0-0 17. Nxe6 Bxe6 18. Qxe6+ Kb8 19. g3 Bd6 20. Bg6 Rhg8 21. Qe4 Ne7 22. Bh5 f5 23. Qe6 f4 24. g4 Nbd5 25. Re1 Rdf8 26. Ne5 Bxe5 27. Qxe5 Qxe5 28. dxe5 Ng6 29. f3 Re8 30. e6 Kc7 31. Rad1 Re7 32. Kf2 b6 33. Re4 Rgg7 34. Bxg6 Rxg6 35. Bxf4+ Nxf4 36. Rxf4 Rgxe6 37. Rd2 c5 38. b4 cxb4 39. Rxb4 Kb7 40. h4 Re5 41. Rbd4 Kc7 42. Rd5 R5e6 43. a4 Rf7 44. a5 Ref6 45. R2d3 a6 46. g5 hxg5 47. hxg5 Rc6 48. axb6+ Rxb6 49. Kg3 Rb1 50. Re5 Rb5 51. Rxb5 axb5 52. Kg4 Kc6 53. f4 b4 54. g6 Rb7 55. Rb3 Kd6 56. Kg5 Ke7 57. f5 Rb5 58. Kh6 Rxf5 59. Rxb4 Rf1 60. Kg7 Rg1 61. Re4+ Kd7 62. Kf7 Rf1+ 63. Kg8 Rg1 64. g7 Rf1 65. Rh4 1-0

[Event "Rethymno op 2nd"]
[Site "Rethymno"]
[Date "2010.07.14"]
[Round "2"]
[White "Tchantcev, Chaliko"]
[Black "Kryvoruchko, Yuriy"]
[Result "0-1"]
[WhiteElo "2284"]
[BlackElo "2609"]
[PlyCount "70"]
[EventDate "2010.07.13"]
[EventType "swiss"]
[EventRounds "9"]
[EventCountry "GRE"]
[SourceTitle "CBM 137 Extra"]
[Source "ChessBase"]
[SourceDate "2010.09.01"]
[SourceVersion "1"]
[SourceVersionDate "2010.09.01"]
[SourceQuality "1"]

1. d4 Nf6 2. Nf3 e6 3. c4 c5 4. d5 b5 5. Bg5 b4 6. Nbd2 d6 7. e4 Be7 8. dxe6 Bxe6 9. Be2 0-0 10. 0-0 Nc6 11. h3 Nd7 12. Be3 Bf6 13. Qc2 Be5 14. Rad1 Qf6 15. Nb3 Qe7 16. Nc1 a5 17. Nd3 a4 18. Ndxe5 dxe5 19. Qd2 Nd4 20. Bxd4 cxd4 21. Rc1 Rfc8 22. Ne1 Rab8 23. Bd3 b3 24. a3 Nb6 25. Qe2 Rc5 26. Nf3 Rbc8 27. Nd2 Qc7 28. Qh5 f6 29. Be2 Nxc4 30. Nxc4 Bxc4 31. Rxc4 Rxc4 32. Bg4 Qf7 33. Qh4 R8c6 34. Kh2 Rc1 35. Rxc1 Rxc1 0-1

[Event "Kavala op 07th"]
[Site "Kavala"]
[Date "1997.??.??"]
[Round "6"]
[White "Frendzas, Panayotis"]
[Black "Tchantcev, Chaliko"]
[Result "1/2-1/2"]
[WhiteElo "2390"]
[BlackElo "2000"]
[PlyCount "105"]
[EventDate "1997.08.13"]
[EventType "swiss"]
[EventRounds "9"]
[EventCountry "GRE"]
[SourceTitle "EXT 2004"]
[Source "ChessBase"]
[SourceDate "2003.11.25"]
[SourceVersion "1"]
[SourceVersionDate "2003.11.25"]
[SourceQuality "1"]

1. d4 d5 2. Nf3 c6 3. c4 e6 4. e3 f5 5. Ne5 Nf6 6. Nc3 Bd6 7. Be2 0-0 8. 0-0 Bd7 9. f4 Be8 10. Bd2 Nbd7 11. Rb1 Qe7 12. c5 Bc7 13. b4 a6 14. a4 Ne4 15. Nxe4 dxe4 16. b5 axb5 17. axb5 Nf6 18. Qb3 Bxe5 19. fxe5 Nd5 20. Bc4 Bd7 21. Ra1 Nc7 22. Rxa8 Rxa8 23. bxc6 Bxc6 24. Rxf5 Rf8 25. Rxf8+ Kxf8 26. Qb1 Qg5 27. Qf1+ Kg8 28. Be2 h6 29. Qf2 Nd5 30. h4 Qg6 31. Kh2 h5 32. Qg3 Qxg3+ 33. Kxg3 g6 34. Bd1 Kg7 35. Bc2 Ne7 36. Kf2 Nf5 37. g3 Kf7 38. Ba5 Ke7 39. Be1 Kd7 40. Bd1 Ke7 41. Ke2 Kf7 42. Bb3 Bd5 43. Bc2 g5 44. hxg5 Kg6 45. Kf2 Kxg5 46. Ba5 Kg6 47. Bd8 Nh6 48. Ba4 Bc6 49. Bd1 Bd5 50. Ba5 Bc4 51. Bd2 Ng4+ 52. Kg2 Bd5 53. Bxg4 1/2-1/2

[Event "Kavala op 07th"]
[Site "Kavala"]
[Date "1997.??.??"]
[Round "2"]
[White "Gelashvili, Tamaz"]
[Black "Tchantcev, Chaliko"]
[Result "1/2-1/2"]
[WhiteElo "2440"]
[BlackElo "2000"]
[PlyCount "94"]
[EventDate "1997.08.13"]
[EventType "swiss"]
[EventRounds "9"]
[EventCountry "GRE"]
[SourceTitle "EXT 2004"]
[Source "ChessBase"]
[SourceDate "2003.11.25"]
[SourceVersion "1"]
[SourceVersionDate "2003.11.25"]
[SourceQuality "1"]

1. e4 c5 2. f4 g6 3. Nf3 Bg7 4. Nc3 Nc6 5. Bb5 Nd4 6. Nxd4 cxd4 7. Ne2 Qb6 8. Ba4 Nf6 9. d3 0-0 10. c4 dxc3 11. bxc3 d6 12. Bc2 e5 13. Rb1 Qc7 14. 0-0 Bg4 15. Bb3 d5 16. fxe5 Qxe5 17. h3 Bxe2 18. Qxe2 dxe4 19. Ba3 Rfe8 20. d4 Qg5 21. Ba4 b6 22. Bxe8 Rxe8 23. Bc1 Qg3 24. c4 Nh5 25. Be3 f5 26. Qd2 f4 27. Bxf4 Nxf4 28. Qxf4 Bxd4+ 29. Kh1 Qxf4 30. Rxf4 Bc3 31. Rf2 e3 32. Re2 Bd2 33. g3 Rc8 34. Kg2 Rxc4 35. Kf3 Kf7 36. Rb3 Kf6 37. Rd3 Ra4 38. Rd6+ Kf7 39. Rd7+ Kg8 40. Rh2 Rxa2 41. Rh1 b5 42. Rb7 b4 43. Rf1 h5 44. Ke2 Bc1+ 45. Kd3 Ra3+ 46. Ke2 Ra2+ 47. Kd3 Ra3+ 1/2-1/2